banner-ar

القاهرة 1830 (10 دقائق) / (Record no. 33746)

MARC details
000 -الفاتح
حقل البيانات ثابتة الطول 00548nam a2200181Ia 4500
008 - عناصر البيانات ثابتة الطول - معلومات عامة
حقل البيانات ثابتة الطول 140319s9999 xx 000 0 ara d
040 ## - مصدر الفهرسة
وكالة الفهرسة الأصلية GCL /
وكالة النسخ GCL
082 04 - رقم تصنيف ديوى العشرى
رقم التصنيف افلام ت
رقم المادة 14
100 1# - المدخل الرئيسى - إسم شخصى
الإسم الشخصى سمير عوف (اخراج)
245 10 - بيان العنوان
العنوان القاهرة 1830 (10 دقائق) /
بيان المسئوليه,etc سمير عوف (اخراج)
700 1# - المدخل الاضافى - اسم شخصى
الإسم الشخصى نسيم ونيس
260 ## - PUBLICATION, DISTRIBUTION, ETC. (IMPRINT)
تاريخ النشر أو التوزيع 1969
490 ## - بيان السلسلة
عنوان السلسلة
650 04 - المدخل الاضافى بالموضوع-مصطلح موضوعى
مصطلح موضوعي شرائط فيديو
650 04 - المدخل الاضافى بالموضوع-مصطلح موضوعى
مصطلح موضوعي افلام تسجيلية
942 ## - عناصر المدخل الإضافي( كوها)
مصدر التصنيف او مخطط الترفيف Dewey Decimal Classification
Koha [default] item type كتاب
260 ## - PUBLICATION, DISTRIBUTION, ETC. (IMPRINT)
-- [S.N] :
-- المركز القومى للسينما ،
Holdings
حالة التراجع حالة الفقد حالة تلف ليس للاعارة المكان المؤقت الموقع الحالى تاريخ الاكتساب اجمالي اﻻعارات رقم الطلب الباركود تاريخ اخر مشاهدة تاريخ تفعيل السعر نوع وعاء كوها
        مكتبة القاهرة الكبرى مكتبة القاهرة الكبرى 03/26/2014   افلام ت\ 14 80286 03/26/2014 03/26/2014 كتاب
        مكتبة القاهرة الكبرى مكتبة القاهرة الكبرى 03/26/2014   افلام ت\ 14 80287 03/26/2014 03/26/2014 كتاب

Powered By

EGPV